[Event "O Pohár mìsta Øíèany 2015 - OPEN A"]
[Site "Øíèany"]
[Date "2015.08.27"]
[Round "7.21"]
[White "Kovar, Jan"]
[Black "Pycha, Patrik"]
[Result "0-1"]
[WhiteElo "1930"]
[BlackElo "2075"]
[PlyCount "0"]
[EventDate "2015.08.22"]

1. e4 e6 2. d4 d5 3. Nd2 Nf6 4. e5 Nfd7 5. c3 c5 6. Bd3 Nc6 7. Ne2 cxd4 8. cxd4
f6 9. Nf4 Nxd4 10. Qh5+ Ke7 11. exf6+ Nxf6 12. Ng6+ hxg6 13. Qxh8 Kf7 14. Qh4 e5
15. Nf3 Nxf3+ 16. gxf3 Bf5 17. Bxf5 gxf5 18. Bg5 Qa5+ 19. Kf1 g6 20. Bxf6 Qa6+
21. Kg2 Qxf6 22. Qa4 Qc6 23. Qb3 Bh6 24. Rad1 Rd8 25. Rd3 Rd7 26. Rhd1 Ke6
27. Rc3 Qd6 28. Rcd3 Qc5 29. Rc3 Qe7 30. Rcd3 Qd8 31. a4 Bf4 32. Re1 Qg5+
33. Kf1 Bxh2 34. Red1 Qd8 35. Rc1 Kf6 36. Rdc3 Bf4 37. Rc8 Qa5 38. R1c5 Qa6+
39. Kg2 Rh7 40. Qxd5 Rh2+ 41. Kg1 Rh1+ 42. Kg2 Qf1# 0-1

[Event "O Pohár mìsta Øíèany 2015 - OPEN A"]
[Site "Øíèany"]
[Date "2015.08.27"]
[Round "7.22"]
[White "Tejkal, Jiri"]
[Black "Hanl, Frantisek"]
[Result "0-1"]
[WhiteElo "1909"]
[BlackElo "2052"]
[PlyCount "0"]
[EventDate "2015.08.22"]

1. d4 c5 2. c3 cxd4 3. cxd4 Nf6 4. Nf3 g6 5. Bf4 Bg7 6. Nc3 O-O 7. e3 d6 8. h3
b6 9. Rc1 Bb7 10. Be2 Nbd7 11. O-O Rc8 12. Qa4 Bc6 13. Qa3 Re8 14. Rfd1 Nf8
15. Bh2 a5 16. Ne1 g5 17. f3 Ng6 18. e4 Nh5 19. Kh1 Nhf4 20. Bf1 Bd7 21. g4 b5
22. Nxb5 Rxc1 23. Rxc1 Qb6 24. Nc3 Bxd4 25. Na4 Qa7 26. Nd3 Be3 27. Rc2 Nxd3
28. Bxd3 Qd4 29. Rc4 Qf6 30. Be2 Bf4 31. Bg1 Bg3 32. Nb6 Be6 33. Nd5 Bxd5
34. exd5 Nf4 35. Bf1 Qh6 36. Bh2 Qh4 37. Bxg3 Qxg3 38. Qe3 h6 39. Rc2 Nxh3
40. Qe4 Nf4 41. Rc7 Qf2 42. Rc1 e5 43. Qc2 Qxf3+ 44. Bg2 Qxg4 45. Qc3 a4 {dale
necitelne} 0-1

[Event "O Pohár mìsta Øíèany 2015 - OPEN A"]
[Site "Øíèany"]
[Date "2015.08.27"]
[Round "7.23"]
[White "Voracek, Zdenek"]
[Black "Cermak, Jan"]
[Result "0-1"]
[WhiteElo "2026"]
[BlackElo "1962"]
[PlyCount "0"]
[EventDate "2015.08.22"]

1. d4 d5 2. c4 c6 3. Nf3 Nf6 4. Nc3 a6 5. e3 b5 6. b3 Bg4 7. Be2 e6 8. O-O Nbd7
9. Bd2 Bd6 10. Re1 O-O 11. Qc2 dxc4 12. bxc4 e5 13. Ne4 Bb8 14. a4 exd4 15. exd4
Qc7 16. g3 bxc4 17. Nxf6+ Nxf6 18. Qxc4 Be6 19. Qc2 Bd5 20. Ne5 Nd7 21. Bc4 Nxe5
22. Bxd5 cxd5 23. Qxc7 Nf3+ 0-1

[Event "O Pohár mìsta Øíèany 2015 - OPEN A"]
[Site "Øíèany"]
[Date "2015.08.27"]
[Round "7.24"]
[White "Rastocny, Josef"]
[Black "Splichal, Petr"]
[Result "1/2-1/2"]
[WhiteElo "1860"]
[BlackElo "2009"]
[PlyCount "0"]
[EventDate "2015.08.22"]

1. d4 Nf6 2. c4 g6 3. Nc3 Bg7 4. e4 d6 5. f3 O-O 6. Be3 c5 7. Nge2 Nc6 8. dxc5
dxc5 9. Qxd8 Rxd8 10. Bxc5 Nd7 11. Be3 Nde5 12. Nf4 Nb4 13. Rd1 Bd7 14. Bc5 Nec6
15. Nfd5 Nc2+ 16. Kf2 e6 17. Ne7+ Kh8 18. Nxc6 Bxc6 19. Bd3 Nd4 20. Nb5 Bxb5
21. cxb5 b6 22. Bb4 Re8 23. Bc3 e5 24. Be2 Bf8 25. Bxd4 exd4 26. Bd3 Bh6 27. a4
Re5 28. g3 1/2-1/2

[Event "O Pohár mìsta Øíèany 2015 - OPEN A"]
[Site "Øíèany"]
[Date "2015.08.27"]
[Round "7.25"]
[White "Otruba, Marek"]
[Black "Postupa, Pavel"]
[Result "0-1"]
[WhiteElo "1629"]
[BlackElo "2002"]
[PlyCount "0"]
[EventDate "2015.08.22"]

1. d4 Nf6 2. Bf4 g6 3. Nc3 d6 4. e4 Bg7 5. Qd2 Nc6 6. Nge2 e5 7. dxe5 Nxe5
8. Bxe5 dxe5 9. Qxd8+ Kxd8 10. O-O-O+ Bd7 11. f3 c6 12. Na4 b6 13. b3 Kc7
14. Nb2 Be6 15. Nc3 Nd7 16. Bc4 Nc5 17. b4 Nb7 18. Bxe6 fxe6 19. Rd2 Bh6 20. Rd1
Rhd8 21. Nd3 a5 22. b5 Nd6 23. Nxe5 Bxd2+ 24. Rxd2 Nxb5 25. Rxd8 Rxd8 26. Nxb5+
cxb5 27. Nf7 Rd7 28. Ng5 e5 29. h3 h6 30. Ne6+ Kd6 31. Nf8 Rg7 0-1

[Event "O Pohár mìsta Øíèany 2015 - OPEN A"]
[Site "Øíèany"]
[Date "2015.08.27"]
[Round "7.26"]
[White "Helebrand, Frantisek"]
[Black "Vystrcil, Martin"]
[Result "1/2-1/2"]
[WhiteElo "1841"]
[BlackElo "2014"]
[PlyCount "0"]
[EventDate "2015.08.22"]

1. e4 Nf6 2. e5 Nd5 3. d4 d6 4. c4 Nb6 5. exd6 cxd6 6. Be3 g6 7. Nf3 Bg7 8. Be2
O-O 9. O-O Nc6 10. Nc3 Bg4 11. b3 d5 12. c5 Nc8 13. h3 Bxf3 14. Bxf3 e6 15. Rb1
N8e7 16. Ne2 Nf5 17. Bg4 Nfe7 18. Bf3 h5 19. g4 hxg4 20. hxg4 f5 21. Bf4 Kf7
22. b4 Bf6 23. g5 1/2-1/2

[Event "O Pohár mìsta Øíèany 2015 - OPEN A"]
[Site "Øíèany"]
[Date "2015.08.27"]
[Round "7.27"]
[White "Kolasin, Jan"]
[Black "Cabart, Pavel"]
[Result "1-0"]
[WhiteElo "2001"]
[BlackElo "1704"]
[PlyCount "0"]
[EventDate "2015.08.22"]

1. e4 c5 2. Nf3 Nc6 3. d4 cxd4 4. Nxd4 g6 5. c4 Bg7 6. Be3 Nf6 7. Nc3 Ng4
8. Qxg4 Nxd4 9. Qd1 Ne6 10. Bd3 Qa5 11. O-O Bxc3 12. bxc3 Qxc3 13. f4 b6 14. Rc1
Qa5 15. f5 gxf5 16. Rxf5 Qa3 17. Rxf7 Bb7 18. Rf3 Nc5 19. Bb1 O-O-O 20. Bd4 Qb4
21. Bc3 Qa4 22. Bxh8 Rxh8 23. Qxa4 Nxa4 24. Rf7 e6 25. Kf2 h5 26. h4 Nc5 27. Ke3
Rg8 28. Rg1 Rg4 29. Rf4 Rg3+ 30. Rf3 Rg4 31. g3 Nxe4 32. Rf4 Rxg3+ 33. Rxg3 Nxg3
34. Rf8+ Kc7 35. Kf4 Ne2+ 36. Kg5 Nc3 37. Bg6 Ba6 38. Rf3 Ne2 39. Bd3 Nd4
40. Rf7 Kc6 41. Kxh5 d5 42. cxd5+ 1-0

[Event "O Pohár mìsta Øíèany 2015 - OPEN A"]
[Site "Øíèany"]
[Date "2015.08.27"]
[Round "7.28"]
[White "Civin, Dominik"]
[Black "Koper, Stefan"]
[Result "0-1"]
[WhiteElo "1793"]
[BlackElo "1991"]
[PlyCount "0"]
[EventDate "2015.08.22"]

1. c4 g6 2. Nc3 Bg7 3. g3 c5 4. Bg2 Nc6 5. d3 d6 6. e4 e5 7. Nge2 Nd4 8. O-O
Ne7 9. f4 O-O 10. h3 Rb8 11. Nd5 Nxe2+ 12. Qxe2 Nc6 13. f5 gxf5 14. exf5 Nd4
15. Qh5 f6 16. g4 Ne2+ 17. Kh2 Nxc1 18. Raxc1 b5 19. Rc2 Bd7 20. Nc3 b4 21. Bd5+
Kh8 22. Ne4 Be8 23. Qh4 h6 24. Qg3 Bf7 25. Bxf7 Rxf7 26. h4 Bf8 27. Rfc1 b3
28. axb3 Rxb3 29. Nc3 Qb8 30. Qg2 Rfb7 31. Rb1 d5 32. Nxd5 e4+ 33. Qg3 Bd6 0-1

[Event "O Pohár mìsta Øíèany 2015 - OPEN A"]
[Site "Øíèany"]
[Date "2015.08.27"]
[Round "7.29"]
[White "Stork, Rostislav"]
[Black "Petrun, Milan"]
[Result "1/2-1/2"]
[WhiteElo "1812"]
[BlackElo "1991"]
[PlyCount "0"]
[EventDate "2015.08.22"]

1. e4 c5 2. f4 d6 3. Bb5+ Bd7 4. Bxd7+ Nxd7 5. Nf3 Ngf6 6. d3 g6 7. O-O Bg7
8. Nc3 O-O 9. Bd2 Rb8 10. Rb1 b5 11. Nh4 e6 12. Qe1 a5 13. f5 exf5 14. exf5 d5
15. fxg6 fxg6 16. Qe6+ Kh8 17. Nxd5 Re8 18. Nxg6+ hxg6 19. Qh3+ Kg8 20. Bg5 Re5
21. Nxf6+ Nxf6 22. Bf4 Qd4+ 23. Kh1 Rbe8 24. Bxe5 Qxe5 25. Qf3 Qh5 26. Qc6 Re2
27. Rxf6 Bxf6 28. Qxf6 Qg4 29. Qc6 Kg7 30. Rf1 Rf2 31. Re1 Kh6 32. h3 Qg5
33. Qe4 Rxc2 34. Re2 Rxe2 35. Qxe2 a4 36. Kh2 b4 37. Qc2 a3 38. bxa3 bxa3
39. Qc4 Qe5+ 40. Kg1 Qe1+ 41. Kh2 Qe5+ 42. Kg1 Qe1+ 43. Kh2 Qe5+ 1/2-1/2

[Event "O Pohár mìsta Øíèany 2015 - OPEN A"]
[Site "Øíèany"]
[Date "2015.08.27"]
[Round "7.30"]
[White "Dlouhy, Ondrej"]
[Black "Kunc, Jan"]
[Result "1-0"]
[WhiteElo "1984"]
[BlackElo "1685"]
[PlyCount "0"]
[EventDate "2015.08.22"]

1. e4 c5 2. Nf3 d6 3. Bb5+ Bd7 4. Bxd7+ Qxd7 5. O-O Nc6 6. Nc3 Nf6 7. d4 cxd4
8. Nxd4 e6 9. Be3 Be7 10. Qf3 O-O 11. Rfd1 Rfd8 12. Rd2 Ne5 13. Qe2 Rac8
14. Rdd1 Nc4 15. b3 Nxe3 16. Qxe3 Qc7 17. Rd3 a6 18. Rad1 b5 19. Kh1 d5 20. Qh3
b4 21. exd5 bxc3 22. dxe6 fxe6 23. Qxe6+ Kh8 24. Nf3 Rxd3 25. Rxd3 Re8 26. Ne5
Bd6 27. Ng6+ hxg6 28. Rh3+ Nh5 29. Qxe8+ Kh7 30. g4 Qb7+ 31. Kg1 Qd5 32. gxh5
Qd1+ 33. Kg2 Qg4+ 34. Rg3 Bxg3 35. Qxg6+ Qxg6 36. hxg6+ Kxg6 37. Kxg3 Kf5
38. Kf3 g5 39. b4 1-0

[Event "O Pohár mìsta Øíèany 2015 - OPEN A"]
[Site "Øíèany"]
[Date "2015.08.27"]
[Round "7.31"]
[White "Hrbek, Stepan"]
[Black "Skala, Jaromir"]
[Result "0-1"]
[WhiteElo "1683"]
[BlackElo "1959"]
[PlyCount "0"]
[EventDate "2015.08.22"]

1. d4 Nf6 2. c4 g6 3. Nc3 Bg7 4. e4 d6 5. Nf3 O-O 6. Bf4 Nbd7 7. Be2 c6 8. O-O
Qc7 9. Bg3 e5 10. d5 a5 11. Rc1 Nc5 12. Bd3 Nh5 13. Qd2 f5 14. h3 f4 15. Bh2 Bf6
16. Ne1 g5 17. Be2 Ng7 18. Qd1 Qe7 19. Kh1 Bd7 20. Rc2 Be8 21. Rd2 Rd8 22. Nd3
Nxd3 23. Rxd3 h5 24. g4 fxg3 25. fxg3 g4 26. hxg4 hxg4 27. Bxg4 Bg6 28. Rdf3 Bg5
29. Rxf8+ Rxf8 30. Rf3 Rxf3 31. Qxf3 Bc1 32. b3 Qg5 33. dxc6 bxc6 34. Bd7 Bb2
35. Na4 Qc1+ 36. Bg1 Bd4 37. Kg2 Qc2+ 38. Kf1 Qb1+ 39. Ke2 Qxg1 40. g4 d5
41. cxd5 cxd5 42. Bc6 Qh2+ 43. Kf1 dxe4 44. Bd5+ Kh7 45. Bxe4 Bxe4 46. Qxe4+ Kh6
47. Qg2 Qf4+ 48. Ke2 Kg5 49. Qb7 Qxg4+ 50. Kd2 Qf4+ 51. Ke2 Nf5 52. Qa8 Qg4+
53. Kd3 Qd1+ 54. Kc4 Nd6+ 55. Kd5 Qh1+ 56. Kxd6 Qxa8 57. a3 Kf5 58. Nc3 Bxc3
59. Kc7 Qa6 60. Kb8 e4 0-1

[Event "O Pohár mìsta Øíèany 2015 - OPEN A"]
[Site "Øíèany"]
[Date "2015.08.27"]
[Round "7.32"]
[White "Vlkova, Anezka"]
[Black "Vavrinec, Tomas"]
[Result "0-1"]
[WhiteElo "1564"]
[BlackElo "1918"]
[PlyCount "0"]
[EventDate "2015.08.22"]

1. e4 e6 2. d4 d5 3. Nc3 dxe4 4. Nxe4 Nd7 5. Nf3 Ngf6 6. Nxf6+ Nxf6 7. Bd3 c5
8. dxc5 Bxc5 9. b3 Qa5+ 10. Bd2 Qb6 11. O-O Bd7 12. c4 Rd8 13. Bc3 Bc6 14. Qe2
Bxf3 15. Qxf3 Bd4 16. Bxd4 Rxd4 17. Rad1 Ke7 18. Bc2 Rhd8 19. a3 Qc6 20. Qxc6
bxc6 21. Rxd4 Rxd4 22. Rd1 Rxd1+ 23. Bxd1 Kd6 24. b4 Ke5 25. Ba4 Kd4 26. Bxc6
Kxc4 27. b5 Nd5 28. Be8 f6 29. Bf7 Nc7 30. Kf1 Kxb5 31. Ke2 Ka4 32. Kd2 Kxa3
33. Kc3 a5 34. Bg8 h6 35. f4 Nd5+ 36. Kc2 Nxf4 37. g3 Nd5 38. Bxe6 Ne3+ 39. Kd3
Nf1 40. Ke2 Nxh2 41. Kf2 h5 42. Bf7 Ng4+ 43. Ke2 Ne5 0-1

[Event "O Pohár mìsta Øíèany 2015 - OPEN A"]
[Site "Øíèany"]
[Date "2015.08.27"]
[Round "7.33"]
[White "Martinec, Karel"]
[Black "Chajda, Patrik"]
[Result "1-0"]
[WhiteElo "1897"]
[BlackElo "1647"]
[PlyCount "0"]
[EventDate "2015.08.22"]

1. Nf3 Nf6 2. g3 g6 3. Bg2 Bg7 4. d4 O-O 5. c4 d5 6. O-O c6 7. cxd5 cxd5 8. Nc3
Nc6 9. b3 Bf5 10. Bb2 Rc8 11. Rc1 Ne4 12. e3 Nxc3 13. Bxc3 Be4 14. Qe2 Qd6
15. Ne5 Bxg2 16. Kxg2 Nxe5 17. dxe5 Qe6 18. f4 Qf5 19. Bd4 a6 20. Rfd1 e6 21. g4
Qe4+ 22. Qf3 Rc2+ 23. Rxc2 Qxc2+ 24. Kg3 Qxa2 25. f5 Rc8 26. h4 Qc2 27. h5 gxf5
{dále neèitelné} 1-0

[Event "O Pohár mìsta Øíèany 2015 - OPEN A"]
[Site "Øíèany"]
[Date "2015.08.27"]
[Round "7.34"]
[White "Barton, Milan"]
[Black "Tvrdy, Jindrich"]
[Result "1/2-1/2"]
[WhiteElo "1750"]
[BlackElo "1885"]
[PlyCount "0"]
[EventDate "2015.08.22"]

1. e4 d6 2. d4 Nf6 3. Nc3 e5 4. dxe5 dxe5 5. Qxd8+ Kxd8 6. Bc4 Be6 7. Bxe6 fxe6
8. Nf3 Nc6 9. Bg5 Bb4 10. O-O Bxc3 11. bxc3 h6 12. Bh4 g5 13. Bg3 Nxe4 14. Nxe5
Nxg3 15. Nxc6+ bxc6 16. fxg3 Ke7 17. Rab1 Rab8 18. Rb3 Rb5 19. c4 Ra5 20. a3 Rd8
21. Re1 e5 22. Rbe3 Ke6 23. R1e2 Rd4 24. Rf3 Rc5 25. Rf8 Rdxc4 26. Rh8 Rxc2
27. Rxh6+ Kd5 28. Rxc2 Rxc2 29. Rg6 Kd4 30. Rxg5 e4 31. Rg7 Kd3 32. h4 Rc5
33. Rd7+ Rd5 34. Rxc7 e3 35. Rxc6 e2 36. Re6 Kd2 37. Kh2 e1=Q 38. Rxe1 Kxe1
39. g4 Rd4 40. Kg3 Rd3+ 41. Kf4 Rxa3 42. h5 Rb3 43. h6 a5 44. h7 Rb8 45. g5 a4
46. g6 a3 47. g7 a2 48. g8=Q Rxg8 49. hxg8=Q a1=Q 50. Qg3+ Kf1 51. Qf3+ Kg1
52. g4 Qf6+ 53. Kg3 Qe5+ 54. Qf4 Qc3+ 55. Kh4 Qh8+ 56. Kg5 Qg7+ 57. Kh5 Qh8+
58. Qh6 Qe8+ 59. Kh4 Qe1+ 60. Kh5 Qe8+ 61. Qg6 Qh8+ 62. Kg5 Qe5+ 63. Qf5 Qg7+
64. Kf4 Qd4+ 65. Kg3 Qc3+ 1/2-1/2

[Event "O Pohár mìsta Øíèany 2015 - OPEN A"]
[Site "Øíèany"]
[Date "2015.08.27"]
[Round "7.35"]
[White "Picek, Miroslav"]
[Black "Pivonka, Michael"]
[Result "1-0"]
[WhiteElo "1966"]
[BlackElo "1800"]
[PlyCount "0"]
[EventDate "2015.08.22"]

1. e4 c5 2. Nf3 e6 3. d4 cxd4 4. Nxd4 Nf6 5. Nc3 a6 6. e5 Nd5 7. Nxd5 exd5
8. Qf3 Qa5+ 9. Bd2 Qc5 10. Nb3 Qxc2 11. Rc1 Qe4+ 12. Qxe4 dxe4 13. Rxc8+ 1-0

[Event "O Pohár mìsta Øíèany 2015 - OPEN A"]
[Site "Øíèany"]
[Date "2015.08.27"]
[Round "7.36"]
[White "Palla, Ivan"]
[Black "Paulovic, Milan"]
[Result "1/2-1/2"]
[WhiteElo "1556"]
[BlackElo "1871"]
[PlyCount "0"]
[EventDate "2015.08.22"]

1. Nf3 f5 2. d4 Nf6 3. Bg5 e6 4. Bxf6 Qxf6 5. Nc3 d5 6. e3 Nd7 7. Nb5 Qd8 8. c4
Nf6 9. Ne5 c6 10. Nc3 Bb4 11. Bd3 Qa5 12. Qb3 Ne4 13. Bxe4 fxe4 14. c5 Bxc3+
15. bxc3 Qb5 16. c4 Qa5+ 17. Kd1 O-O 18. Rf1 Qc7 19. Rb1 Rb8 20. Qa4 Ra8 21. Qb3
Rd8 22. f4 Rf8 23. g3 g5 24. Rb2 Qg7 25. Qc2 1/2-1/2

[Event "O Pohár mìsta Øíèany 2015 - OPEN A"]
[Site "Øíèany"]
[Date "2015.08.27"]
[Round "7.37"]
[White "Halla, Jiri"]
[Black "Sedivy, Ondrej"]
[Result "1/2-1/2"]
[WhiteElo "1839"]
[BlackElo "1791"]
[PlyCount "0"]
[EventDate "2015.08.22"]

1. Nf3 Nf6 2. g3 d5 3. Bg2 c5 4. O-O Nc6 5. d3 e5 6. Nbd2 Be7 7. e4 dxe4
8. dxe4 O-O 9. c3 Bg4 10. Qc2 b5 11. Rd1 Qd7 12. Nf1 c4 13. Bg5 Rfd8 14. Ne3 Be6
15. Nf5 1/2-1/2

[Event "O Pohár mìsta Øíèany 2015 - OPEN A"]
[Site "Øíèany"]
[Date "2015.08.27"]
[Round "7.38"]
[White "Chromovsky, Hynek"]
[Black "Zlamana, Anna"]
[Result "0-1"]
[WhiteElo "1768"]
[BlackElo "1692"]
[PlyCount "0"]
[EventDate "2015.08.22"]

1. e4 e5 2. Nf3 Nc6 3. Bb5 a6 4. Ba4 Nf6 5. O-O Be7 6. Re1 b5 7. Bb3 O-O 8. c3
d5 9. d3 Bg4 10. Nbd2 d4 11. Nf1 Qd7 12. h3 Bxf3 13. Qxf3 b4 14. c4 a5 15. Ng3
a4 16. Bd1 g6 17. Bg5 Kg7 18. Qe2 Nd8 19. f4 Ne6 20. fxe5 Nxg5 21. exf6+ Bxf6
22. c5 Be7 23. Qd2 Ne6 24. Bg4 Bh4 {partie dále neèitelná} 0-1

[Event "O Pohár mìsta Øíèany 2015 - OPEN A"]
[Site "Øíèany"]
[Date "2015.08.27"]
[Round "7.39"]
[White "Skvaril, Michal"]
[Black "Kindl, Frantisek"]
[Result "1-0"]
[WhiteElo "1785"]
[BlackElo "1847"]
[PlyCount "0"]
[EventDate "2015.08.22"]

1. e4 c5 2. Nf3 d6 3. d4 cxd4 4. Nxd4 Nf6 5. Nc3 a6 6. Bg5 e6 7. f4 Be7 8. Qd2
h6 9. Bxf6 Bxf6 10. O-O-O Be7 11. Kb1 Qc7 12. h3 Nc6 13. Nxc6 bxc6 14. Qd4 O-O
15. e5 d5 16. g4 Qa5 17. g5 hxg5 18. fxg5 Bxg5 19. Rg1 Bh6 20. Rd3 c5 21. Qh4
Kh7 22. Rxg7+ Kxg7 23. Rg3+ 1-0

[Event "O Pohár mìsta Øíèany 2015 - OPEN A"]
[Site "Øíèany"]
[Date "2015.08.27"]
[Round "7.40"]
[White "Havlicek, Pavel"]
[Black "Korsa, Jiri"]
[Result "0-1"]
[WhiteElo "1673"]
[BlackElo "1844"]
[PlyCount "0"]
[EventDate "2015.08.22"]

1. b4 e5 2. Bb2 d6 3. c4 g5 4. e3 Bg7 5. Qc2 Nc6 6. b5 Nce7 7. Nc3 Ng6 8. Nd5
N8e7 9. e4 O-O 10. Ne2 f5 11. d3 f4 12. f3 g4 13. O-O-O c6 14. Ndc3 Bd7 15. Ba3
Qc7 16. Qb3 Kh8 17. Kd2 Nh4 18. Ng1 cxb5 19. Nxb5 Bxb5 20. Qxb5 Nc6 21. Bb2 a6
22. Qb3 Qa5+ 23. Kc1 Qc5 24. Qc3 Qe3+ 25. Kb1 gxf3 26. Bc1 fxg2 27. Bxg2 Qb6+
28. Ka1 Nxg2 29. Nf3 Nd4 30. Rhg1 Nxf3 31. Rxg2 Qd4 32. Qxd4 Nxd4 33. Rdg1 Rg8
0-1

[Event "O Pohár mìsta Øíèany 2015 - OPEN A"]
[Site "Øíèany"]
[Date "2015.08.27"]
[Round "7.41"]
[White "Sadil, Jan"]
[Black "Nemcova, Kamila"]
[Result "1-0"]
[WhiteElo "1734"]
[BlackElo "1731"]
[PlyCount "0"]
[EventDate "2015.08.22"]

1. d4 d5 2. c4 c6 3. e3 Nf6 4. Nf3 Bf5 5. Nc3 e6 6. Be2 Nbd7 7. O-O Bd6 8. c5
Bc7 9. b4 Ne4 10. Bb2 g5 11. Nxe4 dxe4 12. Ne5 Nxe5 13. dxe5 Qe7 14. Qc2 Rd8
15. b5 Rd5 16. bxc6 bxc6 17. Qa4 Bxe5 18. Bxe5 Rxe5 19. Qxc6+ Kf8 20. Rfc1 Kg7
21. Rab1 a5 22. g4 Bg6 23. Rb7 Qd8 24. Rd1 Qa8 25. Rdd7 Rc8 26. Rdc7 Rxc7
27. Qxc7 Rxc5 28. Qxc5 Qxb7 29. Qxa5 f5 30. Kg2 Kf8 31. a4 Ke7 32. Qc5+ Kf7
33. a5 f4 34. Bb5 f3+ 35. Kg1 Kf6 36. a6 Qb8 37. a7 1-0

[Event "O Pohár mìsta Øíèany 2015 - OPEN A"]
[Site "Øíèany"]
[Date "2015.08.27"]
[Round "7.42"]
[White "Macho, Miloslav"]
[Black "Vorisek, Jakub"]
[Result "1/2-1/2"]
[WhiteElo "1922"]
[BlackElo "1692"]
[PlyCount "0"]
[EventDate "2015.08.22"]

1. Nf3 d5 2. g3 c5 3. Bg2 Nc6 4. d4 c4 5. O-O Nf6 6. c3 Bf5 7. Bg5 e6 8. Nh4
Bg6 9. Nd2 Be7 10. Nxg6 hxg6 11. Bxf6 Bxf6 12. e4 O-O 13. exd5 exd5 14. Re1 Qd7
15. Nf1 b5 16. Ne3 Ne7 17. Ng4 a5 18. Bh3 Qd6 19. Ne3 b4 20. Qa4 Rfd8 21. Bg2
Ra6 22. Qc2 a4 23. Ng4 b3 24. Nxf6+ Qxf6 25. Qe2 Nf5 26. a3 Re6 27. Qd2 Qe7
28. Rxe6 Qxe6 29. Re1 Qc6 30. Kf1 Nd6 31. Qg5 Nb7 32. Qe7 Rf8 33. Re5 Rd8
34. Re3 Rf8 35. g4 Rb8 36. Qh4 f6 1/2-1/2

[Event "O Pohár mìsta Øíèany 2015 - OPEN A"]
[Site "Øíèany"]
[Date "2015.08.27"]
[Round "7.43"]
[White "Novotny, Petr"]
[Black "Hlavacek, Ondrej"]
[Result "1/2-1/2"]
[WhiteElo "1826"]
[BlackElo "1668"]
[PlyCount "0"]
[EventDate "2015.08.22"]

1. e4 c5 2. Nc3 e6 3. g3 g6 4. Bg2 Bg7 5. Nf3 Nc6 6. O-O d6 7. d3 Nf6 8. Bg5
O-O 9. Qd2 a6 10. Bh6 Nd4 11. Bxg7 Nxf3+ 12. Bxf3 Kxg7 13. Bg2 Ng8 14. Rab1 Rb8
15. f4 b5 16. Kf2 1/2-1/2